Welcome to CU Library Online Public Access Catalogue (OPAC)

International politics & state strength / (Record no. 9460)

MARC details
000 -LEADER
fixed length control field 00806cam a2200253 a 4500
001 - CONTROL NUMBER
control field 12912198
005 - DATE AND TIME OF LATEST TRANSACTION
control field 20260422131043.0
008 - FIXED-LENGTH DATA ELEMENTS--GENERAL INFORMATION
fixed length control field 020830s2003 coua b 001 0 eng
020 ## - INTERNATIONAL STANDARD BOOK NUMBER
International Standard Book Number 1588261417
Qualifying information hc : alk. paper
020 ## - INTERNATIONAL STANDARD BOOK NUMBER
International Standard Book Number 1588261174
Qualifying information pb : alk. paper
020 ## - INTERNATIONAL STANDARD BOOK NUMBER
International Standard Book Number 9781588261410
Qualifying information (hc : alk. paper)
020 ## - INTERNATIONAL STANDARD BOOK NUMBER
International Standard Book Number 9781588261175
Qualifying information (pb : alk. paper)
050 00 - LIBRARY OF CONGRESS CALL NUMBER
Classification number JZ1316
Item number .V65 2003
082 00 - DEWEY DECIMAL CLASSIFICATION NUMBER
Classification number 327.1/01
Edition information 21
100 1# - MAIN ENTRY--PERSONAL NAME
Personal name Volgy, Thomas J.
245 10 - TITLE STATEMENT
Title International politics & state strength /
Statement of responsibility, etc. Thomas J. Volgy, Alison Bailin.
260 ## - PUBLICATION, DISTRIBUTION, ETC.
Place of publication, distribution, etc. Boulder, Colo. :
Name of publisher, distributor, etc. Lynne Rienner Publishers,
Date of publication, distribution, etc. 2003.
300 ## - PHYSICAL DESCRIPTION
Extent ix, 173 p. :
Other physical details ill. ;
Dimensions 24 cm.
650 #0 - SUBJECT ADDED ENTRY--TOPICAL TERM
Topical term or geographic name entry element International relations.
650 #0 - SUBJECT ADDED ENTRY--TOPICAL TERM
Topical term or geographic name entry element State, The.
650 #0 - SUBJECT ADDED ENTRY--TOPICAL TERM
Topical term or geographic name entry element Sovereignty.
700 1# - ADDED ENTRY--PERSONAL NAME
Personal name Bailin, Alison,
Dates associated with a name 1963-
942 ## - ADDED ENTRY ELEMENTS (KOHA)
Source of classification or shelving scheme Library of Congress Classification
Koha item type Books
Suppress in OPAC No
999 ## -
-- 9460
-- 9460
Holdings
Withdrawn status Lost status Source of classification or shelving scheme Damaged status Not for loan Collection Home library Current library Shelving location Date acquired Total checkouts Full call number Barcode Date last seen Copy number Price effective from Koha item type
    Library of Congress Classification     Non-fiction Business Library (Miotso) Business Library (Miotso) General stacks 04/22/2026   JZ1316 .V65 2003 BSSM00003539 04/22/2026 1 04/22/2026 Books
    Library of Congress Classification     Non-fiction Business Library (Miotso) Business Library (Miotso) General stacks 04/22/2026   JZ1316 .V65 2003 BSSM00003540 04/22/2026 2 04/22/2026 Books
    Library of Congress Classification     Non-fiction Business Library (Miotso) Business Library (Miotso) General stacks 04/22/2026   JZ1316 .V65 2003 BSSM00003541 04/22/2026 3 04/22/2026 Books
    Library of Congress Classification     Non-fiction Business Library (Miotso) Business Library (Miotso) General stacks 04/22/2026   JZ1316 .V65 2003 BSSM00003542 04/22/2026 4 04/22/2026 Books
© 2023-2024 Copyright: Central University Libraries. All Rights Reserved | Created by: Mahone Tech Office